| 000 | 01030nam a2200229 a 4500 | ||
|---|---|---|---|
| 001 | 000071649 | ||
| 003 | AM-YEHGA | ||
| 005 | 20250617121714.0 | ||
| 008 | 000329s1973 ru ||||| |||| 00| 0 rus d | ||
| 040 | _aAM-YeHGA | ||
| 041 | 0 | _arus | |
| 245 | 0 | 0 |
_aВопросы лексикологии и стилистики германских и романских языков / _cМ-во просвещения РСФСР. Иркутский гос. пед. ин-т. Иркутский гос. ин-т иностранных языков ; Ред. колл.: О. Е. Денисов (отв. ред.) и др. |
| 260 |
_aИркутск : _bБ. и., _c1973. |
||
| 300 | _aвыпуск | ||
| 505 | 1 | 0 | _gВып. 2 (1973, 69 с.) |
| 650 | 4 | _aЛексикология | |
| 650 | 1 | 4 | _aРомано-германские языки |
| 700 | 1 | 0 |
_aДенисова, О. Е. _eред. _4edt |
| 710 | 2 | _aИркутский государственный педагогический институт | |
| 942 |
_2udc _cBK |
||
| 090 | _c21828 | ||
| 999 |
_c21605 _d21605 |
||